000 00421nam a2200157Ia 4500
008 221030s9999 xx 000 0 und d
020 _a8122403867
041 _aEnglish
082 _a105.23
_bSon
100 _aB. S. Sonde
245 0 _aIntroduciton to System Design Using Integrated Circuits ( DEPARTMENTAL )
260 _bWiley Eastern
_aNew Delhi
_c1994
300 _a312
650 _aECE Departmental
942 _cBK
999 _c1467
_d1467